[Event "NOR-chB"]
[Site "Oslo"]
[Date "2023.07.02"]
[Round "2"]
[White "Holand, Per Fredrik"]
[Black "Hagesaether, Ellen"]
[Result "1-0"]
[WhiteElo "2015"]
[BlackElo "2156"]
[PlyCount "111"]
[EventDate "2023.06.30"]
[EventType "swiss"]
[EventRounds "9"]
[EventCountry "NOR"]
[SourceTitle "EXT 2024"]
[Source "ChessBase"]
[SourceDate "2023.10.10"]
[SourceVersion "1"]
[SourceVersionDate "2023.10.10"]
[SourceQuality "1"]

1. d4 d5 2. Bf4 e6 3. e3 f5 4. c4 Nf6 5. Nc3 c6 6. Nf3 Bd6 7. Bd3 0-0 8. 0-0 Bxf4 9. exf4 dxc4 10. Bxc4 Nd5 11. Qd2 Nd7 12. b4 N7b6 13. Bxd5 cxd5 14. Ne5 Bd7 15. a4 Rc8 16. Rfc1 Qe7 17. b5 Rc7 18. Nd1 Rfc8 19. Ne3 Be8 20. a5 Na4 21. Rxc7 Qxc7 22. g4 Bxb5 23. gxf5 Nc3 24. fxe6 Ne2+ 25. Kh1 Nxf4 26. Nf5 Nxe6 27. Qb4 Qc3 28. Qxb5 Qxa1+ 29. Kg2 Nf4+ 30. Kf3 Qh1+ 31. Kxf4 Qxh2+ 32. Ke3 Qh3+ 33. f3 Rd8 34. Ne7+ Kf8 35. Nxd5 Qh6+ 36. Kd3 Qd6 37. Ke4 Re8 38. Qxb7 Qg6+ 39. Ke3 Qg1+ 40. Kd3 Qd1+ 41. Ke4 Qc2+ 42. Kf4 Qd2+ 43. Ke4 Qc2+ 44. Ke3 Qc1+ 45. Kd3 Qd1+ 46. Kc4 Qc1+ 47. Nc3 Qf4 48. Kb3 a6 49. Qb4+ Kg8 50. Qc4+ Kh8 51. Nf7+ Kg8 52. Nd6+ Kf8 53. Nxe8 Kxe8 54. Qg8+ Qf8 55. Qxf8+ Kxf8 56. Kc4 1-0

[Event "Malaga op 16th"]
[Site "Malaga"]
[Date "2022.10.31"]
[Round "8"]
[White "Gonzalez Castillo, Jose Javier"]
[Black "Hagesaether, Ellen"]
[Result "1-0"]
[WhiteElo "2081"]
[BlackElo "2145"]
[PlyCount "87"]
[EventDate "2022.10.27"]
[EventType "swiss"]
[EventRounds "9"]
[EventCountry "ESP"]
[SourceTitle "EXT 2024"]
[Source "ChessBase"]
[SourceDate "2023.10.10"]
[SourceVersion "1"]
[SourceVersionDate "2023.10.10"]
[SourceQuality "1"]

1. e4 d6 2. d4 Nf6 3. Nc3 g6 4. Be3 c6 5. h3 b5 6. a3 Nbd7 7. f4 Nb6 8. Nf3 d5 9. e5 Nh5 10. Bd3 Ng3 11. Rg1 Nc4 12. Bxc4 bxc4 13. Bf2 Nh5 14. Qd2 Qa5 15. g4 Ng7 16. 0-0-0 Rb8 17. Rdf1 Ba6 18. Re1 e6 19. Nd1 Bb4 20. Qe3 Be7 21. Bh4 Bxh4 22. Nxh4 Qd8 23. Qf2 Bc8 24. Nf3 h5 25. Ng5 Rb7 26. Rgf1 Qb6 27. Qe3 Kf8 28. Qc3 c5 29. dxc5 Qxc5 30. Ne3 Rc7 31. Rd1 Kg8 32. f5 Ne8 33. fxg6 fxg6 34. Ng2 Qe7 35. Nf3 Qg7 36. gxh5 Rxh5 37. Kb1 Qh6 38. h4 Rf5 39. Ne3 Rf4 40. Ng5 Rxh4 41. Rg1 Qh5 42. Rdf1 a5 43. Qxa5 c3 44. Nxd5 1-0

[Event "NOR-ch Master"]
[Site "Larvik"]
[Date "2019.07.12"]
[Round "8"]
[White "Hagesaether, Ellen"]
[Black "Brodtkorb, Lars Johan"]
[Result "1-0"]
[WhiteElo "2193"]
[BlackElo "2077"]
[PlyCount "101"]
[EventDate "2019.07.05"]
[EventType "swiss"]
[EventRounds "9"]
[EventCountry "NOR"]
[SourceTitle "EXT 2024"]
[Source "ChessBase"]
[SourceDate "2023.10.10"]
[SourceVersion "1"]
[SourceVersionDate "2023.10.10"]
[SourceQuality "1"]

1. b3 e5 2. Bb2 Nc6 3. e3 Nge7 4. d4 exd4 5. exd4 d5 6. Nf3 Bf5 7. Be2 Qd7 8. 0-0 f6 9. Nc3 g5 10. Na4 Ng6 11. Re1 0-0-0 12. Nc5 Qf7 13. Bd3 Bg4 14. Nxg5 fxg5 15. Qxg4+ Kb8 16. Ne6 Rc8 17. Nxg5 Qf6 18. Nxh7 Rxh7 19. Qxg6 Rh6 20. Qxf6 Rxf6 21. c3 Bd6 22. Re2 Rh8 23. h3 a6 24. Rae1 Ka7 25. Re6 Rf7 26. Bc1 Ne7 27. Bg5 Nf5 28. Rf6 Rxf6 29. Bxf6 Rf8 30. Be5 Nh4 31. Bg3 Nf5 32. Bxf5 Bxg3 33. fxg3 Rxf5 34. Re5 Rf6 35. Rxd5 b5 36. g4 Kb6 37. g5 Re6 38. h4 a5 39. h5 a4 40. bxa4 bxa4 41. Re5 Rc6 42. Re3 a3 43. g6 Rd6 44. g7 Rd8 45. h6 c5 46. h7 c4 47. g8Q Kb5 48. Qxd8 Ka4 49. Qb8 Ka5 50. Re7 Ka4 51. Ra7# 1-0

[Event "NOR-ch Master"]
[Site "Larvik"]
[Date "2019.07.09"]
[Round "5"]
[White "Rasmussen, Jonas H"]
[Black "Hagesaether, Ellen"]
[Result "0-1"]
[WhiteElo "2017"]
[BlackElo "2193"]
[PlyCount "84"]
[EventDate "2019.07.05"]
[EventType "swiss"]
[EventRounds "9"]
[EventCountry "NOR"]
[SourceTitle "EXT 2024"]
[Source "ChessBase"]
[SourceDate "2023.10.10"]
[SourceVersion "1"]
[SourceVersionDate "2023.10.10"]
[SourceQuality "1"]

1. d4 d5 2. Nf3 e6 3. g3 f5 4. Bg2 Nf6 5. 0-0 Bd6 6. c4 c6 7. b3 Qe7 8. Bb2 0-0 9. Ne5 b6 10. cxd5 exd5 11. Nd2 Bxe5 12. dxe5 Ng4 13. Nf3 Bb7 14. h3 Nh6 15. e3 Nd7 16. Rc1 Nf7 17. Qd4 Qe6 18. Qc3 c5 19. Rfd1 Rfe8 20. Ne1 Ng5 21. Nd3 d4 22. exd4 Bxg2 23. Nf4 Nxh3+ 24. Kxg2 Nxf4+ 25. gxf4 cxd4 26. Rxd4 Nc5 27. Rd6 Qe7 28. Qh3 Qb7+ 29. f3 g6 30. Rh1 Ne6 31. Kg3 Rac8 32. Rhd1 Rc7 33. Qf1 g5 34. fxg5 f4+ 35. Kh4 Rc2 36. R1d2 Rxd2 37. Rxd2 Qe7 38. Rg2 h6 39. Qc4 hxg5+ 40. Kg4 Qh7 41. Rg1 b5 42. Qf1 Ng7 0-1

[Event "NOR-ch Master"]
[Site "Larvik"]
[Date "2019.07.07"]
[Round "3"]
[White "Sorgjerd, Jan"]
[Black "Hagesaether, Ellen"]
[Result "1-0"]
[WhiteElo "2033"]
[BlackElo "2193"]
[PlyCount "151"]
[EventDate "2019.07.05"]
[EventType "swiss"]
[EventRounds "9"]
[EventCountry "NOR"]
[SourceTitle "EXT 2024"]
[Source "ChessBase"]
[SourceDate "2023.10.10"]
[SourceVersion "1"]
[SourceVersionDate "2023.10.10"]
[SourceQuality "1"]

1. d4 d5 2. Nf3 e6 3. e3 f5 4. c4 c6 5. Nc3 Nf6 6. Be2 Bd6 7. 0-0 0-0 8. Ne1 b6 9. f4 Bb7 10. b3 Nbd7 11. Nd3 Qe7 12. Ne5 Rac8 13. Bb2 a6 14. Rc1 Bb4 15. Nd3 Bd6 16. Ne5 dxc4 17. Nxc4 Bc7 18. Bf3 b5 19. Ne5 Bb6 20. Kh1 Nb8 21. Qe2 c5 22. dxc5 Bxc5 23. Nd3 Ba7 24. a3 Bxf3 25. gxf3 Nbd7 26. Rfd1 Nh5 27. Nb1 Qh4 28. Rg1 Rxc1 29. Nxc1 Ndf6 30. Nc3 Re8 31. Nd3 Nd7 32. Nd1 Qe7 33. Qc2 Nb6 34. Bd4 Nd5 35. Nc5 Rc8 36. b4 a5 37. Qb2 axb4 38. axb4 Nxb4 39. Nxe6 Qxe6 40. Bxa7 Qd5 41. Qg2 Nc6 42. e4 Qb3 43. Be3 Rd8 44. Qb2 Qc4 45. Nf2 fxe4 46. fxe4 b4 47. Rc1 Qe6 48. f5 Qe8 49. Rg1 Ne5 50. Qxb4 Nf3 51. Qb3+ Kh8 52. Rd1 Rb8 53. Qc3 Rc8 54. Qb2 Nf6 55. Qe2 Qh5 56. Bf4 Ng4 57. Nxg4 Qxg4 58. Bg3 h5 59. Rf1 Rc3 60. e5 Qxf5 61. e6 Qd5 62. Qg2 Re3 63. e7 h4 64. Rxf3 Qd1+ 65. Rf1 Qd7 66. Bxh4 Kh7 67. Bg5 Re5 68. h4 Qd3 69. Qf3 Qg6 70. Rg1 Qe8 71. Rd1 Qg6 72. Qd3 Re4 73. Qd5 Re2 74. Rf1 Kh8 75. Rf8+ Kh7 76. Qg8# 1-0

[Event "Olympiad Women-43"]
[Site "Batumi"]
[Date "2018.10.04"]
[Round "10.2"]
[White "Hagesaether, Ellen"]
[Black "Bouah, Denise"]
[Result "1-0"]
[WhiteElo "2181"]
[BlackElo "1780"]
[PlyCount "65"]
[EventDate "2018.09.24"]
[EventType "team-swiss"]
[EventRounds "11"]
[EventCountry "GEO"]
[SourceTitle "EXT 2020"]
[Source "ChessBase"]
[SourceDate "2019.10.17"]
[SourceVersion "1"]
[SourceVersionDate "2019.10.17"]
[SourceQuality "1"]
[WhiteTeam "Norway (W)"]
[BlackTeam "South Africa (W)"]
[WhiteTeamCountry "NOR"]
[BlackTeamCountry "RSA"]

1. c4 c5 2. g3 Nc6 3. Bg2 g6 4. Nc3 Bg7 5. a3 e6 6. Rb1 Nge7 7. b4 d6 8. Nf3 0-0 9. 0-0 Rb8 10. e3 Nf5 11. Ne2 Qc7 12. d4 cxb4 13. axb4 b5 14. e4 Nfe7 15. d5 Ne5 16. Nxe5 Bxe5 17. f4 Bg7 18. c5 exd5 19. f5 f6 20. Bf4 Qd7 21. Bxd6 Rb7 22. fxg6 hxg6 23. exd5 Qd8 24. Nd4 Re8 25. Ne6 Bxe6 26. dxe6 Rb8 27. Bxb8 Qxb8 28. Qd6 Qc8 29. Ra1 Bf8 30. Qd7 Qb8 31. Rxa7 Rd8 32. Ra8 Rxd7 33. exd7 1-0

[Event "Olympiad Women-43"]
[Site "Batumi"]
[Date "2018.10.02"]
[Round "8.1"]
[White "Hagesaether, Ellen"]
[Black "Arakhamia Grant, Ketevan"]
[Result "0-1"]
[WhiteElo "2181"]
[BlackElo "2345"]
[PlyCount "150"]
[EventDate "2018.09.24"]
[EventType "team-swiss"]
[EventRounds "11"]
[EventCountry "GEO"]
[SourceTitle "EXT 2020"]
[Source "ChessBase"]
[SourceDate "2019.10.17"]
[SourceVersion "1"]
[SourceVersionDate "2019.10.17"]
[SourceQuality "1"]
[WhiteTeam "Norway (W)"]
[BlackTeam "Scotland (W)"]
[WhiteTeamCountry "NOR"]
[BlackTeamCountry "SCO"]

1. e4 c5 2. d3 g6 3. g3 Bg7 4. Bg2 Nc6 5. f4 d6 6. Nf3 Nf6 7. 0-0 0-0 8. c3 Rb8 9. a4 a6 10. Kh1 b5 11. axb5 axb5 12. Na3 Be6 13. Nc2 Qc8 14. Ne3 b4 15. Bd2 bxc3 16. bxc3 Bh3 17. Qc2 Bxg2+ 18. Kxg2 e6 19. Ra2 d5 20. e5 Nd7 21. h4 h5 22. Rb1 Qc7 23. Rab2 Rxb2 24. Rxb2 Ra8 25. Qb1 Ra7 26. Ng5 Ne7 27. d4 Bh6 28. Nf3 c4 29. Ra2 Rb7 30. Rb2 Ra7 31. Ra2 Nc6 32. Rxa7 Qxa7 33. Bc1 Bf8 34. Ng5 Qb6 35. Qxb6 Nxb6 36. Nd1 Na4 37. Nf3 Na7 38. Nd2 Nb5 39. Nb1 Be7 40. Kf2 Bd8 41. Bd2 Kf8 42. Ke3 Ke8 43. Ke2 Kd7 44. Be3 Kc6 45. Kd2 Na7 46. Kc2 Nc8 47. Bc1 Ne7 48. Ne3 Kb5 49. Na3+ Ka6 50. Nb1 Ba5 51. Ba3 Nc6 52. Bb2 Bb6 53. Ba3 Kb5 54. Nd1 Ka5 55. Kd2 Ba7 56. Ne3 Nxc3 57. Nxc3 Bxd4 58. Nexd5 exd5 59. Nxd5 Ka4 60. Bc1 Kb3 61. Nf6 Nb4 62. Ne4 c3+ 63. Nxc3 Bxc3+ 64. Ke2 Kc4 65. Kf3 Nd3 66. Ba3 Kd5 67. g4 hxg4+ 68. Kxg4 Ke4 69. Kg5 Nxf4 70. Kf6 Bxe5+ 71. Kxf7 Kf5 72. Bc1 Ng2 73. Bg5 Bg3 74. h5 gxh5 75. Bd8 Bf4 0-1

[Event "Olympiad Women-43"]
[Site "Batumi"]
[Date "2018.10.01"]
[Round "7.15"]
[White "Hagesaether, Ellen"]
[Black "Marrero Lopez, Yaniet"]
[Result "1/2-1/2"]
[WhiteElo "2181"]
[BlackElo "2281"]
[PlyCount "133"]
[EventDate "2018.09.24"]
[EventType "team-swiss"]
[EventRounds "11"]
[EventCountry "GEO"]
[SourceTitle "EXT 2020"]
[Source "ChessBase"]
[SourceDate "2019.10.17"]
[SourceVersion "1"]
[SourceVersionDate "2019.10.17"]
[SourceQuality "1"]
[WhiteTeam "Norway (W)"]
[BlackTeam "Cuba (W)"]
[WhiteTeamCountry "NOR"]
[BlackTeamCountry "CUB"]

1. c4 Nf6 2. g3 e6 3. Bg2 d5 4. Nf3 Be7 5. 0-0 0-0 6. d4 dxc4 7. Qc2 b6 8. Qxc4 Bb7 9. Bf4 Nd5 10. Nc3 Nxf4 11. gxf4 Bd6 12. Ne5 Bxg2 13. Kxg2 Qh4 14. e3 c5 15. Ne4 Bxe5 16. dxe5 Qg4+ 17. Ng3 Nc6 18. Qe4 Ne7 19. Rfd1 Rad8 20. Qf3 Qg6 21. Rxd8 Rxd8 22. Rd1 Nd5 23. Kh1 f5 24. exf6 Qxf6 25. Ne4 Qe7 26. Qh3 Nc7 27. Rg1 Qf7 28. Qh4 Rf8 29. Qg5 Ne8 30. f3 Kh8 31. Qe5 Qf5 32. Qc3 h6 33. Kg2 Nf6 34. Nd6 Qg6+ 35. Kh1 Qh5 36. e4 Rg8 37. f5 e5 38. Rg3 Nd7 39. Qc4 Nf6 40. Qe6 Qh4 41. Qxe5 Nh5 42. Rg1 Qf2 43. Qc3 Nf4 44. Qb3 Ne2 45. Rb1 Nd4 46. Qd3 Nxf3 47. Nf7+ Kh7 48. Qd6 g6 49. Qf4 Rg7 50. Ne5 Qc2 51. Rc1 Qd2 52. Qxd2 Nxd2 53. fxg6+ Kg8 54. Rd1 Re7 55. Nc6 Re6 56. Rxd2 Rxc6 57. Kg2 Rxg6+ 58. Kf3 Rf6+ 59. Ke3 Kg7 60. e5 Rf1 61. Rd7+ Kg6 62. Rxa7 Rb1 63. b3 Kf5 64. Rh7 Kxe5 65. Rxh6 Rb2 66. Rxb6 Rxa2 67. Kd3 1/2-1/2

[Event "Olympiad Women-43"]
[Site "Batumi"]
[Date "2018.09.26"]
[Round "3.53"]
[White "Leon Sandoval, Johan"]
[Black "Hagesaether, Ellen"]
[Result "0-1"]
[WhiteElo "1708"]
[BlackElo "2181"]
[PlyCount "86"]
[EventDate "2018.09.24"]
[EventType "team-swiss"]
[EventRounds "11"]
[EventCountry "GEO"]
[SourceTitle "EXT 2020"]
[Source "ChessBase"]
[SourceDate "2019.10.17"]
[SourceVersion "1"]
[SourceVersionDate "2019.10.17"]
[SourceQuality "1"]
[WhiteTeam "Nicaragua (W)"]
[BlackTeam "Norway (W)"]
[WhiteTeamCountry "NCA"]
[BlackTeamCountry "NOR"]

1. c4 e5 2. g3 Nc6 3. Nc3 g6 4. Bg2 Bg7 5. Nf3 Nge7 6. 0-0 0-0 7. d3 d6 8. Ne1 Bd7 9. Nc2 Qc8 10. e4 f5 11. f4 exf4 12. Bxf4 Ne5 13. Qd2 Nf7 14. Rae1 c6 15. d4 Qd8 16. b3 Bc8 17. a4 fxe4 18. Bxe4 Nf5 19. Kg2 Qb6 20. b4 a5 21. c5 Qd8 22. b5 d5 23. Bf3 g5 24. Be3 Qf6 25. Bh5 Bd7 26. Bxf7+ Qxf7 27. Bxg5 Qh5 28. Bf4 Nh6 29. h4 Nf5 30. Rh1 Rf7 31. Ne2 cxb5 32. axb5 Bxb5 33. Nc3 Bc6 34. Be5 Ne7 35. Bxg7 Qf3+ 36. Kh2 Rxg7 37. Rhg1 Nf5 38. Ne2 Re8 39. Qf4 Rxe2+ 40. Rxe2 Qxe2+ 41. Rg2 Qe4 42. Qb8+ Be8 43. Rf2 Nxg3 0-1

[Event "NOR-ch Master"]
[Site "Sarpsborg"]
[Date "2018.07.14"]
[Round "9"]
[White "Hagesaether, Ellen"]
[Black "Martinsen, Stig K"]
[Result "1-0"]
[WhiteElo "2171"]
[BlackElo "2189"]
[PlyCount "113"]
[EventDate "2018.07.07"]
[EventType "swiss"]
[EventRounds "9"]
[EventCountry "NOR"]
[SourceTitle "EXT 2024"]
[Source "ChessBase"]
[SourceDate "2023.10.10"]
[SourceVersion "1"]
[SourceVersionDate "2023.10.10"]
[SourceQuality "1"]

1. b3 d6 2. Bb2 Nd7 3. d4 Ngf6 4. c4 g6 5. Nf3 Bg7 6. Nc3 0-0 7. Qc2 c6 8. e4 a6 9. Be2 b5 10. 0-0 Qb6 11. h3 e5 12. dxe5 dxe5 13. a4 b4 14. a5 Qc7 15. Nd1 Re8 16. Ne1 Nc5 17. Bf3 Ne6 18. Nd3 Nd4 19. Bxd4 exd4 20. Re1 Rb8 21. N1b2 h5 22. Qd2 Bf8 23. e5 Nd7 24. Qf4 Nc5 25. Nxc5 Bxc5 26. Nd3 Bf8 27. Qxd4 Bf5 28. Be4 Rbd8 29. Qe3 Bxe4 30. Qxe4 c5 31. Qf3 Rd4 32. Re4 Red8 33. Rxd4 Rxd4 34. Re1 Qxa5 35. e6 Qc7 36. Ne5 fxe6 37. Nxg6 Qf7 38. Qxf7+ Kxf7 39. Nxf8 Kxf8 40. Rxe6 Rd1+ 41. Kh2 Rd3 42. Rxa6 Rxb3 43. Rc6 Rc3 44. Rxc5 h4 45. Rc7 Ke8 46. c5 Kd8 47. Rb7 Rc4 48. c6 Kc8 49. g4 Rf4 50. Kg2 Rc4 51. g5 Rc5 52. f4 Rxc6 53. Rxb4 Rc3 54. Rd4 Kc7 55. Rd2 Rg3+ 56. Kh2 Rf3 57. g6 1-0

[Event "Porticcio op 4th"]
[Site "Porticcio"]
[Date "2017.07.02"]
[Round "1"]
[White "Hagesaether, Ellen"]
[Black "Guseinov, Gadir"]
[Result "0-1"]
[WhiteElo "2140"]
[BlackElo "2645"]
[PlyCount "76"]
[EventDate "2017.07.02"]
[EventType "swiss"]
[EventRounds "9"]
[EventCountry "FRA"]
[SourceTitle "CBM 179 Extra"]
[Source "ChessBase"]
[SourceDate "2017.08.23"]
[SourceVersion "1"]
[SourceVersionDate "2017.08.23"]
[SourceQuality "1"]

1. Nf3 g6 2. e4 c5 3. d3 Bg7 4. g3 Nc6 5. Bg2 Nf6 6. c3 0-0 7. 0-0 d6 8. Re1 e5 9. Na3 h6 10. Nc2 Re8 11. b4 d5 12. Bb2 cxb4 13. Nxb4 Nxb4 14. cxb4 d4 15. Qd2 Bd7 16. Rec1 Ba4 17. Bh3 Nd7 18. Ne1 Nb6 19. Rc5 Bf8 20. Ra5 a6 21. f4 exf4 22. gxf4 Bd7 23. Bg2 Na4 24. Rd5 Nxb2 25. Qxb2 Qc7 26. e5 Be6 27. Rxd4 a5 28. a3 Qb6 29. Kf1 axb4 30. axb4 Rxa1 31. Qxa1 Ra8 32. Qxa8 Qxd4 33. Qxb7 Qxf4+ 34. Nf3 Bf5 35. Ke2 g5 36. h3 Qg3 37. Bf1 h5 38. Qb8 Bxd3+ 0-1

[Event "Olympiad Women-42"]
[Site "Baku"]
[Date "2016.09.12"]
[Round "10.2"]
[White "Hagesaether, Ellen"]
[Black "Smith, Lynda"]
[Result "1-0"]
[WhiteElo "2139"]
[BlackElo "1888"]
[PlyCount "137"]
[EventDate "2016.09.02"]
[EventType "team-swiss"]
[EventRounds "11"]
[EventCountry "AZE"]
[SourceTitle "CBM 174 Extra"]
[Source "ChessBase"]
[SourceDate "2016.10.10"]
[SourceVersion "1"]
[SourceVersionDate "2016.10.10"]
[SourceQuality "1"]
[WhiteTeam "Norway (W)"]
[BlackTeam "Wales (W)"]
[WhiteTeamCountry "NOR"]
[BlackTeamCountry "WLS"]

1. d4 f5 2. Nc3 Nf6 3. Bg5 e6 4. e4 fxe4 5. Nxe4 Be7 6. Bxf6 Bxf6 7. Nf3 Nc6 8. c3 0-0 9. Qc2 d5 10. Nxf6+ Qxf6 11. Bb5 Ne7 12. 0-0 a6 13. Bd3 g6 14. Rae1 Bd7 15. Ne5 Rad8 16. Qe2 Bc8 17. f4 Nf5 18. Qg4 Nh6 19. Qh3 Qg7 20. Be2 Rde8 21. Bg4 Nxg4 22. Qxg4 Bd7 23. Re3 Rf5 24. h4 Bc8 25. g3 Ref8 26. Rfe1 R5f6 27. Qe2 h6 28. Nf3 Rf5 29. Re5 Bd7 30. Qd2 Kh8 31. R5e2 Kg8 32. Rf2 Qf6 33. Ne5 Bc8 34. Nd3 Qe7 35. g4 R5f6 36. Re5 b6 37. h5 Qg7 38. Rg2 Kh8 39. hxg6 Rxg6 40. Nf2 Qf7 41. Nh3 Kg8 42. Qe2 Qf6 43. Rh5 Kf7 44. g5 Qf5 45. gxh6 Rxg2+ 46. Kxg2 Rg8+ 47. Kh2 Qg6 48. Ng5+ Kf8 49. h7 Rh8 50. Rh4 Bd7 51. Kg3 c5 52. Rh2 Qf5 53. Qh5 Qd3+ 54. Kh4 Qf5 55. Qh6+ Ke8 56. Rg2 Qxf4+ 57. Kh5 Qf1 58. Qg6+ Ke7 59. Qg7+ Kd6 60. Nf7+ Kc6 61. Ne5+ Kb5 62. Qxd7+ Ka5 63. Rg5 Qh1+ 64. Kg6 Qe4+ 65. Kh6 Qh4+ 66. Rh5 Qf4+ 67. Kg7 Qf8+ 68. Kg6 Qf4 69. b4+ 1-0

[Event "Groningen op-A 53rd"]
[Site "Groningen"]
[Date "2015.12.30"]
[Round "9"]
[White "Hilwerda, Jonas"]
[Black "Hagesaether, Ellen"]
[Result "0-1"]
[WhiteElo "2012"]
[BlackElo "2172"]
[PlyCount "122"]
[EventDate "2015.12.21"]
[EventType "swiss"]
[EventRounds "9"]
[EventCountry "NED"]
[SourceTitle "CBM 170 Extra"]
[Source "ChessBase"]
[SourceDate "2016.02.25"]
[SourceVersion "1"]
[SourceVersionDate "2016.02.25"]
[SourceQuality "1"]

1. e4 e5 2. Nf3 Nc6 3. Nc3 Nf6 4. a3 d6 5. h3 Be7 6. d3 d5 7. Bd2 0-0 8. g4 Be6 9. Be2 d4 10. Nb1 Nd7 11. Bc1 Re8 12. Nbd2 Kh8 13. Nf1 Rg8 14. Ng3 g6 15. g5 f5 16. gxf6 Bxf6 17. Bd2 Qe7 18. Qc1 Raf8 19. Bg5 Bxg5 20. Qxg5 Rg7 21. Qxe7 Rxe7 22. Ng5 Nd8 23. h4 h6 24. Nxe6 Nxe6 25. h5 g5 26. Nf5 Rh7 27. Bg4 Rf6 28. f3 Nf4 29. Kd2 Rhf7 30. Rh2 Rb6 31. b3 Kh7 32. Ra2 Rc6 33. Rb2 Rc3 34. Ra2 Nc5 35. Rb2 Nce6 36. Ra2 Ng7 37. Rb2 Nxf5 38. Bxf5+ Kg7 39. Rb1 Rf6 40. Rb2 a5 41. Bg4 Rb6 42. a4 Kf6 43. Rh1 Ke7 44. Rhb1 Rb4 45. Ra1 Ng2 46. Rg1 Ne3 47. Rgb1 Rb6 48. b4 axb4 49. Rxb4 Rxc2+ 50. Ke1 Rxb4 51. Rxb4 b6 52. Rb5 Kd6 53. a5 Rc5 54. Rxc5 bxc5 55. a6 Kc6 56. Bd7+ Kb6 57. Bb5 Nc2+ 58. Kd2 Na3 59. a7 Kxa7 60. Be8 Kb6 61. Bf7 Kb5 0-1

[Event "Groningen op-A 53rd"]
[Site "Groningen"]
[Date "2015.12.23"]
[Round "3"]
[White "Hagesaether, Ellen"]
[Black "Schweitzer, Werner"]
[Result "0-1"]
[WhiteElo "2172"]
[BlackElo "2067"]
[PlyCount "92"]
[EventDate "2015.12.21"]
[EventType "swiss"]
[EventRounds "9"]
[EventCountry "NED"]
[SourceTitle "CBM 170 Extra"]
[Source "ChessBase"]
[SourceDate "2016.02.25"]
[SourceVersion "1"]
[SourceVersionDate "2016.02.25"]
[SourceQuality "1"]

1. c4 f5 2. d4 Nf6 3. Nc3 e6 4. g3 d5 5. Bg2 c6 6. Nf3 Bd6 7. 0-0 0-0 8. Bf4 Bxf4 9. gxf4 Ne4 10. Ne5 Qh4 11. Qc1 Nd7 12. cxd5 exd5 13. a4 Ndf6 14. Ra3 Nh5 15. Nxd5 cxd5 16. Rh3 Nxf4 17. Rxh4 Nxe2+ 18. Kh1 Nxc1 19. Rxc1 Be6 20. f3 Nf6 21. Bh3 Rac8 22. Re1 Rfe8 23. Nd3 b6 24. Rxe6 Rxe6 25. Bxf5 Rec6 26. Bxc8 Rxc8 27. f4 Rc4 28. Rh3 Rxa4 29. Ne5 Ne4 30. Ra3 Rxa3 31. bxa3 Nc3 32. Kg2 Kf8 33. Kf3 Nb5 34. Nc6 a5 35. a4 Nc3 36. f5 Nxa4 37. Kf4 Nc3 38. Ke5 a4 39. Kd6 a3 40. Nb4 b5 41. Kc5 a2 42. Nc2 Ke7 43. Na1 Kf6 44. Kb4 Ne2 45. Kc5 Nf4 46. Kxb5 Kxf5 0-1

[Event "Lvov IM 09"]
[Site "Lvov"]
[Date "2015.10.01"]
[Round "6"]
[White "Shkuran, Danylo"]
[Black "Hagesaether, Ellen"]
[Result "1-0"]
[WhiteElo "2433"]
[BlackElo "2192"]
[PlyCount "93"]
[EventDate "2015.09.28"]
[EventType "tourn"]
[EventRounds "11"]
[EventCountry "UKR"]
[EventCategory "1"]
[SourceTitle "CBM 168 Extra"]
[Source "ChessBase"]
[SourceDate "2015.10.29"]
[SourceVersion "1"]
[SourceVersionDate "2015.10.29"]
[SourceQuality "1"]

1. e4 e5 2. Nf3 Nc6 3. Bb5 a6 4. Ba4 Nf6 5. Qe2 Be7 6. c3 d6 7. 0-0 0-0 8. Rd1 Bd7 9. Bc2 Re8 10. d3 g6 11. Nbd2 Nh5 12. Nf1 Bf6 13. Ng3 Ng7 14. Be3 Qe7 15. d4 Bg4 16. h3 Bxf3 17. Qxf3 Bg5 18. Nf1 Nh5 19. d5 Nb8 20. a4 a5 21. b4 b6 22. Qg4 h6 23. Bxg5 hxg5 24. Nd2 Nf6 25. Qe2 Kg7 26. Nc4 Nbd7 27. bxa5 bxa5 28. Rdb1 Nc5 29. Rb5 g4 30. hxg4 Rh8 31. f3 Rh7 32. Qe3 Rah8 33. Kf2 Rh2 34. Rg1 R8h3 35. Qe1 Nxg4+ 36. Ke2 Nf6 37. Kd1 Rh8 38. Ne3 Nh5 39. Ng4 Rh4 40. Rxa5 f5 41. exf5 gxf5 42. Ne3 Rf4 43. g4 fxg4 44. Rxg4+ Kf7 45. Bg6+ Kg7 46. Bxh5+ Rxg4 47. Nf5+ 1-0

[Event "Lvov IM 09"]
[Site "Lvov"]
[Date "2015.09.29"]
[Round "3"]
[White "Vasina, Olena"]
[Black "Hagesaether, Ellen"]
[Result "1-0"]
[WhiteElo "2072"]
[BlackElo "2192"]
[PlyCount "159"]
[EventDate "2015.09.28"]
[EventType "tourn"]
[EventRounds "11"]
[EventCountry "UKR"]
[EventCategory "1"]
[SourceTitle "CBM 168 Extra"]
[Source "ChessBase"]
[SourceDate "2015.10.29"]
[SourceVersion "1"]
[SourceVersionDate "2015.10.29"]
[SourceQuality "1"]

1. c4 e5 2. Nc3 c5 3. g3 Nc6 4. Bg2 g6 5. e3 Bg7 6. Nge2 Nge7 7. 0-0 0-0 8. d3 d6 9. Nd5 Nxd5 10. cxd5 Ne7 11. Bd2 b5 12. a4 Bb7 13. e4 b4 14. b3 a5 15. Rc1 Ba6 16. Bg5 f6 17. Be3 Kh8 18. f4 Ng8 19. Qd2 Bc8 20. h3 Ra7 21. Rf2 Raf7 22. Rcf1 Qe7 23. Qc2 Bh6 24. Qc1 Ba6 25. Qd2 Bc8 26. Kh2 Bg7 27. Ng1 h6 28. Rf3 g5 29. R3f2 exf4 30. gxf4 gxf4 31. Bxf4 f5 32. Ne2 fxe4 33. dxe4 Ba6 34. Kh1 Kh7 35. Bxd6 Rxf2 36. Bxe7 Nxe7 37. Rxf2 Rxf2 38. d6 Nc6 39. d7 Rxe2 40. Qd5 Re1+ 41. Kh2 c4 42. Bf3 cxb3 43. Bg4 Nd8 44. Bf5+ Kh8 45. Qxa5 Bf6 46. Qxa6 Kg7 47. e5 Bxe5+ 48. Kg2 Bf6 49. Qd3 Re5 50. Qg3+ Kf7 51. Qxb3+ Kg7 52. Bg4 h5 53. Bf3 Be7 54. Qb2 Kf6 55. a5 Ke6 56. a6 Bc5 57. a7 Bxa7 58. Qa2+ Kxd7 59. Qxa7+ Ke6 60. Qb6+ Ke7 61. Qxb4+ Kf6 62. Qh4+ Rg5+ 63. Kf2 Ne6 64. Bxh5 Ng7 65. Bg4 Kg6 66. Qg3 Nh5 67. Qd3+ Kh6 68. Qd6+ Kg7 69. Qe7+ Kg6 70. Kf3 Nf6 71. Qe6 Kg7 72. Kf4 Ra5 73. Bf5 Ra7 74. Kg5 Nh7+ 75. Bxh7 Kxh7 76. Qe4+ Kg8 77. Qe8+ Kg7 78. Qg6+ Kf8 79. Qd6+ Ke8 80. Qb8+ 1-0

[Event "Basel op"]
[Site "Basel"]
[Date "2015.01.04"]
[Round "6"]
[White "Hagesaether, Ellen"]
[Black "Dourerassou, Jonathan"]
[Result "0-1"]
[WhiteElo "2217"]
[BlackElo "2477"]
[PlyCount "72"]
[EventDate "2015.01.01"]
[EventType "swiss"]
[EventRounds "7"]
[EventCountry "SUI"]
[SourceTitle "CBM 164 Extra"]
[Source "ChessBase"]
[SourceDate "2015.03.02"]
[SourceVersion "1"]
[SourceVersionDate "2015.03.02"]
[SourceQuality "1"]

1. c4 e5 2. g3 g6 3. Bg2 Bg7 4. e4 Nc6 5. d3 d6 6. Nc3 Nge7 7. Nge2 0-0 8. 0-0 Be6 9. Nd5 f5 10. Bg5 Qd7 11. Qd2 Rf7 12. Nxe7+ Nxe7 13. Bxe7 Rxe7 14. exf5 gxf5 15. f4 c6 16. Rae1 Rae8 17. b3 Bf7 18. fxe5 dxe5 19. Rd1 Bh5 20. Bf3 Bg6 21. h4 h6 22. Kh2 Qd6 23. Qa5 a6 24. Qb6 f4 25. Be4 Bh5 26. Rd2 Rf8 27. Qg1 Qf6 28. Kh1 Ref7 29. Nc3 Qd8 30. Rff2 fxg3 31. Qxg3 Rf4 32. Bg2 Rxh4+ 33. Kg1 Qd4 34. Bh3 Rf3 35. Be6+ Kh8 36. Qg2 Qxc3 0-1

[Event "Basel op"]
[Site "Basel"]
[Date "2015.01.02"]
[Round "3"]
[White "Haenggi, Markus"]
[Black "Hagesaether, Ellen"]
[Result "0-1"]
[WhiteElo "2046"]
[BlackElo "2217"]
[PlyCount "50"]
[EventDate "2015.01.01"]
[EventType "swiss"]
[EventRounds "7"]
[EventCountry "SUI"]
[SourceTitle "CBM 164 Extra"]
[Source "ChessBase"]
[SourceDate "2015.03.02"]
[SourceVersion "1"]
[SourceVersionDate "2015.03.02"]
[SourceQuality "1"]

1. e4 d6 2. d4 Nf6 3. Nc3 g6 4. Be3 c6 5. f3 Qb6 6. Qd2 Qxb2 7. Rb1 Qa3 8. g4 Bg7 9. Bd3 e5 10. Nge2 Nbd7 11. h4 exd4 12. Bxd4 Ne5 13. Qf4 Qa5 14. Qe3 h6 15. 0-0 0-0 16. g5 hxg5 17. Qxg5 Nh7 18. Qe3 Nxd3 19. cxd3 Qh5 20. Bxg7 Kxg7 21. Rf2 Qxh4 22. f4 Nf6 23. Rh2 Qxh2+ 24. Kxh2 Ng4+ 25. Kg3 Nxe3 0-1